000
00311nam a2200133Ia 4500
005
20251222141917.0
008
251222s9999||||xx |||||||||||||| ||spa||
082
_a
860.853/J64
100
_a
Jochamowitz, Luis
245
0
_a
Contradicciones
250
_a
1ra.ed.
264
_b
Editorial Peisa, S.A.
942
_c
LIB
999
_c
8597
_d
8597